• 首页
  • 本馆介绍
  • 公告通知
  • 最新文献
  • 馆藏检索
  • 电子资源
  • 读者导购
  • 参考咨询
  • 我的图书馆
  • 登录
  • 详细信息显示
  • 放入我的书架
  • 预约/预借图书
  • 作者相关作品
  • 分类相关作品
  • 丛书相关作品
  • 出版社相关作品

书目信息

  • 表格格式
  • 工作单格式
  • 卡片格式
题名:
口腔颌面常见病的手术治疗
    
 
作者: 梁斌
分册:  
出版信息:   贵州科技出版社  1991.12
页数: 344页
开本: 16开
丛书名:
单 册:
中图分类: R782.05
科图分类:
主题词: 口腔外科学
电子资源:
ISBN: 7-80584-067-9
000 00550nam0 2200181 45
001 9911301546
005 19991130153400.5
010    @a7-80584-067-9@d10.50
100    @a19991130d1991 km y0chiy0120 ea
101    @achi
105    @a z 000yy
200 1  @a口腔颌面常见病的手术治疗@AKou Qiang He Mian Chang Jian Bing De Shou Shu Zhi Liao@f梁斌@FLiang Bin
210    @c贵州科技出版社@d1991.12
215    @a344页@c无图表@d16开
606 0  @a口腔外科学
690    @aR782.05@v3
801    @aCN@bPerfectUser@c19991130
905    @aBZT@b41470-474@f5@dR782.05@e2
    
    口腔颌面常见病的手术治疗/梁斌.-贵州科技出版社,1991.12
    344页:无图表;16开
    
    
    ISBN 7-80584-067-9:10.50
    
●
相关链接 在五车中查询图书 在当当中查询图书 在豆瓣中查询图书


正题名:口腔颌面常见病的手术治疗     索取号:R782.05/2         预约/预借

序号 登录号 条形码 馆藏地/架位号 状态 备注
1 41470   200606950   中心书库中库/ 中库014架B面6列3层34/ [索取号:R782.05/2] 在馆    
2 41471   200606914   中心书库中库/ 中库014架B面6列3层36/ [索取号:R782.05/2] 在馆    
3 41472   200606923   中心书库中库/ 中库014架B面6列3层35/ [索取号:R782.05/2] 在馆    
4 41473   200606932   中心书库中库/ 中库014架B面6列3层33/ [索取号:R782.05/2] 在馆    
5 41474   200606941   中心书库中库/ 中库014架B面6列3层3/ [索取号:R782.05/2] 在馆    
山东省滨州职业学院图书馆 欢迎您!
大连网信软件有限公司© 版权所有